000 01031cam a22002531i 4500
003 SA_RiAUC
005 20251116140519.0
008 251114s1984____su g f000 0 ara c
040 _aSA-RiKAPL
_bara
_cSA-RiAUC
_erda
082 0 4 _a219.1
090 _a219.1
_bج ز ا
100 1 _aالجزائري، أبو بكر جابر،
_d1921-2018
_eمؤلف.
245 1 0 _aفصل الخطاب في المرأة والحجاب /
_cتأليف أبي بكر جابر الجزائري.
250 _aالطبعة الأولى.
264 1 _aالرياض :
_bالرئاسة العامة لإدارت البحوث العلمية والإفتاء والدعوة والإرشاد،
_c1984
300 _a57 صفحة ؛
_c24 سم
336 _aنص
_btxt
_2rdacontent
_3كتاب
337 _aبدون وسيط
_bn
_2rdamedia
338 _aمجلد
_bnc
_2rdacarrier
650 7 _aالمرأة في الإسلام
_2aucsh
650 7 _aالحجاب والسفور
_2aucsh
942 _2ddc
_cBOOK
_n0
949 _aSA-JeALM
_d251114
_umohamedma123
_n1
999 _c13294
_d13294